Lei de responsabilidade fiscal : (Record no. 1091)

MARC details
000 -LÍDER
Campo Fixo de Controle 00870nam a2200253 a 4500
001 - NÚMERO DE CONTROLE
Campo de Controle 1091
003 - IDENTIFICAÇÃO DO NÚMERO DE CONTROLE
Campo de Controle BR-CuiBMT
005 - DATA E HORA DA ÚLTIMA ATUALIZAÇÃO
Campo de Controle 20231130004530.0
008 - DADOS FIXOS
Dados Fixos 231128s2013 rjba 000 0 por d
020 ## - INTERNATIONAL STANDARD BOOK NUMBER
Nº do ISBN 9788535270013
040 ## - AGÊNCIA CATALOGADORA
Código da Agência Catalogadora BR-CuiBMT
Agência que transcreveu o registro BR-CuiBMT
080 ## - Nº DA CLASSIFICAÇÃO DECIMAL UNIVERSAL
Nº Class. CDU 351.72
Subd. Auxiliar Comum (079.1)
Nº edição CDU 2007
090 ## - NÚMERO DE CHAMADA
Nº classificação 351.72(079.1)
Cutter N244l
100 10 - ENTRADA PRINCIPAL -- AUTOR PESSOAL
Nome pessoal Nascimento, Sávio
245 10 - TÍTULO PRINCIPAL
Título principal Lei de responsabilidade fiscal :
Subtítulo legislação explicada e mais de 240 questões de concursos com gabarito /
Indicação de responsabilidade Sávio Nascimento.
260 ## - PUBLICAÇÃO, DISTRIBUIÇÃO, ETC.
Local de publicação Rio de Janeiro :
Editora Elsevier :
-- Campus,
Data 2013.
300 ## - DESCRIÇÃO FÍSICA
N. páginas ou volumes 194 p. :
Ilustrações il. ;
Dimensões 24 cm
490 1# - INDICAÇÃO DE SÉRIE
Título da série Série provas & concursos
504 ## - NOTA DE BIBLIOGRAFIA, ETC.
Nota de bibliografia inclui bibliografia.
650 ## - ASSUNTO TÓPICO
Cabeçalho tópico ou nome geográfico Responsabilidade fiscal
Subdivisão geral Problemas, questões, exercícios
Subdivisão geográfica Brasil
650 ## - ASSUNTO TÓPICO
Cabeçalho tópico ou nome geográfico Serviço público
Subdivisão geral Concurso
Subdivisão geográfica Brasil
830 #0 - ENTRADA SECUNDÁRIA DE SÉRIE -- TÍTULO UNIFORME
Título uniforme Provas & concursos
942 ## - ELEMENTOS DE ENTRADA ADICIONAIS (KOHA)
Fonte de classificação ou esquema de arquivamento Classificação Decimal Universal
Tipo de item do Koha Livros
Holdings
Estado: removido Estado: perdido Fonte de classificação ou esquema de arquivamento Estado: danificado Indisponível para empréstimo Localização permanente Localização atual Data de aquisição Total Checkouts Número de Chamada completo Código de barras Date last seen Número do exemplar Preço efetivo a partir de Tipo de item (Koha)
    Classificação Decimal Universal     Biblioteca da Escola Superior de Contas do TCE/MT Biblioteca da Escola Superior de Contas do TCE/MT 28/11/2023   351.72(079.1) N244l BIBTCEMT23111254 28/11/2023 Ex. 1 28/11/2023 Livros

Powered by Koha